000 00569cam a2200169Ka 4500
082 _a959.7701
_bGRE
100 1 _aGreene, F. V.
_949456
245 1 4 _aThe campaign in Bulgaria, 1877-1878
_cby F.V. Greene.
260 _aLondon :
_bHugh Ross,
_c1903.
300 _a1 online resource (261 p.) :
_bmaps
490 0 _aPall Mall military series
526 _a0
_b0
_c0
_d959_770100000000000_GRE
650 0 _aMCE
_9379
650 0 _aRusso-Turkish War, 1877-1878
_xCampaigns.
_950007
856 4 0 _uhttp://catalog.hathitrust.org/api/volumes/oclc/11659675.html
942 _2ddc
_cBK
999 _c552743
_d552743